| 000 | 01079nam a2200289 a 4500 | ||
|---|---|---|---|
| 001 | vtls003247879 | ||
| 003 | MY-SjTCS | ||
| 005 | 20200226115710.0 | ||
| 008 | 121207s2012 nyua b 001 0 eng d | ||
| 020 | _a9781259009433 (pbk.) | ||
| 020 | _a1259009432 (pbk.) | ||
| 039 | 9 |
_a201301211024 _bwilmina _c201301211014 _dwilmina _y201212070920 _zmalathy |
|
| 082 | 0 | 4 |
_a618.0202 _bSCH 2012 |
| 100 | 1 |
_aSchneider, Karen M. _967689 |
|
| 245 | 1 | 0 |
_aObstetrics & gynaecology : _bpre-test self-assessment and review / _cKaren M. Schneider, Stephen K. Patrick. |
| 246 | 3 | _aObstetrics and gynaecology | |
| 250 | _a13th ed. | ||
| 260 |
_aNew York : _bMcGraw-Hill Medical, _cc2012. |
||
| 300 |
_axi, 368 p. : _bill. ; _c21 cm. |
||
| 490 | 1 | _aPreTest self-assessment and review | |
| 504 | _aIncludes bibliographical references and index. | ||
| 650 | 0 |
_aObstetrics _vExaminations, questions, etc. _927123 |
|
| 650 | 0 |
_aGynecology _vExaminations, questions, etc. _927124 |
|
| 700 | 1 |
_aPatrick, Stephen K. _967690 |
|
| 830 | 0 | _aPreTest self-assessment and review | |
| 920 | _aSMN : 192394 | ||
| 999 | _c152308 | ||